<?xml version="1.0" encoding="UTF-8"?>
<record
    xmlns:xsi="http://www.w3.org/2001/XMLSchema-instance"
    xsi:schemaLocation="http://www.loc.gov/MARC21/slim http://www.loc.gov/standards/marcxml/schema/MARC21slim.xsd"
    xmlns="http://www.loc.gov/MARC21/slim">

  <leader>01062nam a22002655a 4500</leader>
  <datafield tag="999" ind1=" " ind2=" ">
    <subfield code="c">27509</subfield>
    <subfield code="d">27480</subfield>
  </datafield>
  <controlfield tag="005">20190602104057.0</controlfield>
  <controlfield tag="008">190602s2017    ua a   grb    000 0 eng d</controlfield>
  <datafield tag="020" ind1=" " ind2=" ">
    <subfield code="a">9789772584253</subfield>
  </datafield>
  <datafield tag="040" ind1=" " ind2=" ">
    <subfield code="a">EG-ScBUE</subfield>
    <subfield code="b">eng</subfield>
    <subfield code="c">EG-ScBUE</subfield>
    <subfield code="d">EG-ScBUE</subfield>
  </datafield>
  <datafield tag="043" ind1=" " ind2=" ">
    <subfield code="a">f-ua---</subfield>
  </datafield>
  <datafield tag="082" ind1="0" ind2="4">
    <subfield code="a">338.47910962</subfield>
    <subfield code="b">ZAH</subfield>
    <subfield code="2">22</subfield>
  </datafield>
  <datafield tag="100" ind1="1" ind2=" ">
    <subfield code="a">Zahran, Mahmoud A.</subfield>
  </datafield>
  <datafield tag="245" ind1="1" ind2="0">
    <subfield code="a">Guide to safari tourism in Egypt's deserts = &#x627;&#x644;&#x645;&#x631;&#x634;&#x62F; &#x625;&#x644;&#x649; &#x633;&#x64A;&#x627;&#x62D;&#x629; &#x627;&#x644;&#x633;&#x641;&#x627;&#x631;&#x64A; &#x641;&#x64A; &#x635;&#x62D;&#x627;&#x631;&#x64A; &#x645;&#x635;&#x631; :</subfield>
    <subfield code="b">illustrated handbook /</subfield>
    <subfield code="c">Mahmoud A. Zahran and Yasser A. EL-Amier ; revised by Hassan A. Etman.</subfield>
  </datafield>
  <datafield tag="246" ind1="3" ind2="1">
    <subfield code="a">&#x645;&#x631;&#x634;&#x62F; &#x625;&#x644;&#x649; &#x633;&#x64A;&#x627;&#x62D;&#x629; &#x627;&#x644;&#x633;&#x641;&#x627;&#x631;&#x64A; &#x641;&#x64A; &#x635;&#x62D;&#x627;&#x631;&#x64A; &#x645;&#x635;&#x631;</subfield>
  </datafield>
  <datafield tag="260" ind1=" " ind2=" ">
    <subfield code="a">Cairo :</subfield>
    <subfield code="b">al-D&#x101;r al-&#x2BB;Arab&#x12B;yah lil-Nashr wa-al-Tawz&#x12B;&#x2BB;,</subfield>
    <subfield code="c">2017.</subfield>
  </datafield>
  <datafield tag="300" ind1=" " ind2=" ">
    <subfield code="a">97 p. :</subfield>
    <subfield code="b">ill. (col.) ;</subfield>
    <subfield code="c">24 cm.</subfield>
  </datafield>
  <datafield tag="504" ind1=" " ind2=" ">
    <subfield code="a">Includes bibliographical references.</subfield>
  </datafield>
  <datafield tag="541" ind1=" " ind2=" ">
    <subfield code="a">Dr. Mahmoud A. Zahran ;</subfield>
  </datafield>
  <datafield tag="650" ind1=" " ind2="7">
    <subfield code="a">&#x627;&#x644;&#x633;&#x64A;&#x627;&#x62D;&#x629;</subfield>
    <subfield code="z">&#x645;&#x635;&#x631;.</subfield>
    <subfield code="2">BUEsh</subfield>
  </datafield>
  <datafield tag="651" ind1=" " ind2=" ">
    <subfield code="2">BUEsh</subfield>
  </datafield>
  <datafield tag="653" ind1=" " ind2=" ">
    <subfield code="b">GGEN</subfield>
    <subfield code="c">May2019</subfield>
  </datafield>
  <datafield tag="700" ind1="1" ind2=" ">
    <subfield code="a"> EL-Amier, Yasser A.</subfield>
  </datafield>
  <datafield tag="700" ind1="1" ind2=" ">
    <subfield code="a"> Etman, Hassan A.</subfield>
    <subfield code="e">editor.</subfield>
  </datafield>
  <datafield tag="942" ind1=" " ind2=" ">
    <subfield code="2">ddc</subfield>
  </datafield>
  <datafield tag="952" ind1=" " ind2=" ">
    <subfield code="0">0</subfield>
    <subfield code="1">0</subfield>
    <subfield code="2">ddc</subfield>
    <subfield code="4">0</subfield>
    <subfield code="7">0</subfield>
    <subfield code="8">Donation-G</subfield>
    <subfield code="a">MAIN</subfield>
    <subfield code="b">MAIN</subfield>
    <subfield code="c">1ST</subfield>
    <subfield code="d">2019-06-02</subfield>
    <subfield code="e">Donation</subfield>
    <subfield code="l">0</subfield>
    <subfield code="o">338.47910962 ZAH</subfield>
    <subfield code="p">000047904</subfield>
    <subfield code="r">2025-07-15 00:00:00</subfield>
    <subfield code="y">BB</subfield>
  </datafield>
</record>
